Villes françaises à moins de 50 km de l'étranger (mort subite) - Statistiques

Statistiques générales
  • Ce quiz a été pris 184 fois
  • Le résultat moyen est 5 sur 12
Answers on the Grid
Answers color-coded by a green-red scale on the quiz's grid according to % correct below.
Cherbourg
Calais
Lille
Reims
Nancy
Strasbourg
Belfort
Besançon
Chambéry
Grenoble
Gap
Nice
Cannes
Carcassonne
Perpignan
Tarbes
Pau
Biarritz
Bastia
Ajaccio
Pointe-à-Pitre
Fort-de-France
Cayenne
Saint-Denis (La Réunion)
 
Statistiques - réponses
Réponse % Correct
12 km de la Belgique Lille
82%
0 km de l'Allemagne Strasbourg
79%
39 km du Royaume-Uni Calais
62%
18 km de la Suisse Belfort
55%
12 km de Monaco Nice
55%
25 km de l'Espagne Perpignan
39%
20 km de l'Espagne Biarritz
33%
46 km de la Suisse Besançon
32%
39 km de Guernesey (Aurigny) Cherbourg
18%
48 km de l'Espagne Pau
17%
38 km de Monaco Cannes
12%
44 km de l'Italie (Capraia) Bastia
4%
Aucun quiz correspondant
Distribution des résultats
% des personnes avec chaque résultat
Percentile par nombre de réponses
Votre historique - résultats
Vous n’avez pas pris ce quiz